Herbal products : (Record no. 21290)
[ view plain ]
| 000 -LEADER | |
|---|---|
| fixed length control field | 01245cam a22003135a 4500 |
| 001 - CONTROL NUMBER | |
| control field | 14395125 |
| 005 - DATE AND TIME OF LATEST TRANSACTION | |
| control field | 20160301105429.0 |
| 008 - FIXED-LENGTH DATA ELEMENTS--GENERAL INFORMATION | |
| fixed length control field | 060526t2007 njua frb 001 0 eng d |
| 020 ## - INTERNATIONAL STANDARD BOOK NUMBER | |
| International Standard Book Number | 9781588293138 |
| 040 ## - CATALOGING SOURCE | |
| Original cataloging agency | DNLM/DLC |
| Transcribing agency | DLC |
| Modifying agency | NLM |
| -- | BAKER |
| -- | BTCTA |
| -- | C#P |
| -- | YDXCP |
| -- | MUQ |
| -- | UBA |
| -- | NOR |
| -- | DLC |
| -- | EG-ScBUE |
| Language of cataloging | eng |
| 082 04 - DEWEY DECIMAL CLASSIFICATION NUMBER | |
| Classification number | 615.952 |
| Edition number | 22 |
| Item number | HER |
| 245 00 - TITLE STATEMENT | |
| Title | Herbal products : |
| Remainder of title | toxicology and clinical pharmacology / |
| Statement of responsibility, etc | edited by Timothy S. Tracy, Richard L. Kingston. |
| 250 ## - EDITION STATEMENT | |
| Edition statement | 2nd ed. |
| 260 ## - PUBLICATION, DISTRIBUTION, ETC. (IMPRINT) | |
| Place of publication, distribution, etc | Totowa : |
| Name of publisher, distributor, etc | Humana Press, |
| Date of publication, distribution, etc | c.2007. |
| 300 ## - PHYSICAL DESCRIPTION | |
| Extent | xiii, 288 p. : |
| Other physical details | ill. ; |
| Dimensions | 24 cm. |
| 490 0# - Series Statement | |
| Series statement | Forensic science and medicine. |
| 500 ## - GENERAL NOTE | |
| General note | Rev. ed. of: Toxicology and clinical pharmacology of herbal products / edited by Melanie Johns Cupp. c2000. |
| 500 ## - GENERAL NOTE | |
| General note | Companion to: Dietary supplements / edited by Melanie Johns Cupp and Timothy S. Tracy. c2003. |
| 500 ## - GENERAL NOTE | |
| General note | Index : p. 269-288. |
| 504 ## - BIBLIOGRAPHY, ETC. NOTE | |
| Bibliography, etc | Includes bibliographical references. |
| 650 #0 - SUBJECT ADDED ENTRY--TOPICAL TERM | |
| Topical term or geographic name as entry element | Herbs |
| General subdivision | Toxicology. |
| Source of heading or term | BUEsh |
| 650 #0 - SUBJECT ADDED ENTRY--TOPICAL TERM | |
| Topical term or geographic name as entry element | Materia medica, Vegetable |
| General subdivision | Toxicology. |
| Source of heading or term | BUEsh |
| 650 #0 - SUBJECT ADDED ENTRY--TOPICAL TERM | |
| Topical term or geographic name as entry element | Dietary supplements. |
| Source of heading or term | BUEsh |
| 651 ## - SUBJECT ADDED ENTRY--GEOGRAPHIC NAME | |
| Source of heading or term | BUEsh |
| 653 ## - INDEX TERM--UNCONTROLLED | |
| Resource For college | Pharmacy |
| Arrived date list | March2016 |
| 700 1# - ADDED ENTRY--PERSONAL NAME | |
| Personal name | Tracy, Timothy S., |
| Relator term | editor. |
| 700 1# - ADDED ENTRY--PERSONAL NAME | |
| Personal name | Kingston, Richard L., |
| Relator term | editor. |
| 942 ## - ADDED ENTRY ELEMENTS (KOHA) | |
| Source of classification or shelving scheme | Dewey Decimal Classification |
| Withdrawn status | Item status | Source of classification or shelving scheme | Damaged status | Not for loan | Vendor | Home library | Current library | Shelving location | Date acquired | Source of acquisition | Cost, normal purchase price | Serial Enumeration / chronology | Total Checkouts | Full call number | Barcode | Checked out | Date last seen | Date last borrowed | Cost, replacement price | Koha item type |
|---|---|---|---|---|---|---|---|---|---|---|---|---|---|---|---|---|---|---|---|---|
| Dewey Decimal Classification | Central Library | Central Library | First floor | 01/03/2016 | Purchase | 1250.00 | 2 | 1 | 615.952 HER | 000031778 | 14/03/2017 | 12/02/2017 | 12/02/2017 | 1565.00 | Book - Borrowing |